Normal view
MARC view
- Cuba
Entry Nombre Geográfico
001 - NÚMERO DE CONTROL
- campo de control: 11692
003 - IDENTIFICADOR DE NUMERO DE CONTROL
- campo de control: UPN
005 - FECHA Y HORA DE LA ÜLTIMA TRANSACCIÓN
- campo de control: 20240911091422.0
008 - DATOS DE LONGITUD FIJA
- campo de control de longitud fija: 240426n||acannbabn n ana |d
035 ## - NÚMERO DE CONTROL
- Número de control: UPN10000011699
040 ## - FUENTE DE CATALOGACIÓN
- Lenguaje de catalogación: spa
- Agencia de transcripción: MX-MxUPN
- Agencia de catalogación original: MX-MxUPN
151 ## - ENCABEZAMIENTO - NOMBRE GEOGRÁFICO
- Nombre geográfico: Cuba
- Subdivisión general : Historia
670 ## - FUENTE EN LA QUE SE LOCALIZARON DATOS
- Cita de la fuente: Escamilla González, G. Lista de encabezamiento de materia, 1978 :
- Información localizada: página 223(Cuba-Historia)
670 ## - FUENTE EN LA QUE SE LOCALIZARON DATOS
- Cita de la fuente: LC, 26 abril 2024:
- Información localizada: (Cuba History)
- Uniform Resource Identifier: https://lccn.loc.gov/sh85034561
902 ## - CATALOGADOR
- Catalogador: LG/060197
